000 00538nam a2200181Ia 4500
008 090123s9999 xx 000 0 und d
082 _b26869
_a891.463/वैद्य
100 _aवैद्य सुरेश
245 _aअधिक उणे
250 _a2
260 _bसानिया पब्लिकेशन
300 _a177
600 _aवैद्य सुरेश
630 _aअधिक उणे
700 _aवैद्य सुरेश
730 _aअधिक उणे
942 _cBOOK
999 _c64938
_d64938